StarKid Musicals - Statistics

General Stats
  • This quiz has been taken 235 times
    218 since last reset
  • The average score is 10 of 12
Answer Stats
Year Title % Correct
2009 A Very Potter Musical
94%
2018 The Guy Who Didn't Like Musicals
91%
2019 Black Friday
86%
2014 The Trail To Oregon
85%
2010 A Very Potter Sequel
83%
2016 Firebringer
83%
2012 A Very Potter Senior Year
81%
2009 Me And My Dick
81%
2013 Twisted: The Untold Story Of A Royal Vizier
81%
2014 ANI: A Parody
77%
2012 Holy Musical B@man
74%
2011 Starship
72%
No matching quizzes found
Score Distribution
Percent of People with Each Score
Percentile by Number Answered
Your Score History
You have not taken this quiz since the last reset